[Event "CZE-ch Open 2019"]
[Site "Ostrava"]
[Date "2019.05.04"]
[Round "8.10"]
[White "Pulpan, Jakub"]
[Black "Hausner, Ivan"]
[Result "0-1"]
[WhiteElo "2426"]
[BlackElo "2351"]
[Annotator "NA"]
[PlyCount "60"]
[EventDate "2019.04.27"]
[EventType "swiss"]
[EventCountry "CZE"]
[SourceTitle "playchess.com"]
[Source "ChessBase"]
[SourceQuality "1"]
[TimeControl "40/5400+30:1800+30"]

1. e4 {[%emt 0:00:00]} e6 {[%emt 0:00:00]} 2. d4 {[%emt 0:00:20]} d5 {[%emt 0:00:00]} 3. Nd2 {[%emt 0:03:04]} Be7 {[%emt 0:00:27]} 4. Ngf3 {[%emt 0:04:12]} Nf6 {[%emt 0:00:11]} 5. e5 {[%emt 0:01:27]} Nfd7 {[%emt 0:00:07]} 6. Bd3 {[%emt 0:00:07]} c5 {[%emt 0:00:06]} 7. c3 {[%emt 0:00:14]} Nc6 {[%emt 0:00:06]} 8. O-O {[%emt 0:01:08]} a5 {[%emt 0:00:08]} 9. a4 {[%emt 0:00:12]} b6 {[%emt 0:00:04]} 10. Qe2 {[%emt 0:11:30]} cxd4 {[%emt 0:00:56]} 11. cxd4 {[%emt 0:01:33]} Nb4 {[%emt 0:00:05]} 12. Bb5 {[%emt 0:00:50]} Ba6 {[%emt 0:00:06]} 13. Bxa6 {[%emt 0:01:30]} Nxa6 {[%emt 0:00:29]} 14. Nb1 {[%emt 0:03:12]} O-O {[%emt 0:03:29]} 15. Nc3 {[%emt 0:00:35]} Qc8 {[%emt 0:04:58]} 16. Bg5 {[%emt 0:03:13]} Bxg5 {[%emt 0:00:22]} 17. Nxg5 {[%emt 0:00:11]} h6 {[%emt 0:00:02]} 18. Nh3 {[%emt 0:02:54]} Qc4 {[%emt 0:00:34]} 19. Qd2 {[%emt 0:12:41]} Nb4 {[%emt 0:02:16]} 20. Nf4 {[%emt 0:04:11]} Rfc8 {[%emt 0:00:18]} 21. Rfe1 {[%emt 0:02:11]} Nf8 {[%emt 0:04:36]} 22. Rac1 {[%emt 0:03:01]} Qb3 {[%emt 0:04:31]} 23. Re3 {[%emt 0:06:25]} Na2 {[%emt 0:00:21]} 24. Rce1 {[%emt 0:03:41]} Nxc3 {[%emt 0:01:41]} 25. bxc3 {[%emt 0:02:10]} Ng6 {[%emt 0:02:13]} 26. Nh5 {[%emt 0:06:27]} Rc4 {[%emt 0:04:25]} 27. Rh3 {[%emt 0:09:56]} Rac8 {[%emt 0:01:36]} 28. Rc1 {[%emt 0:02:48]} Qa3 {[%emt 0:03:31]} 29. g4 {[%emt 0:06:33]} Rxd4 {[%emt 0:01:26]} 30. Nf6+ {[%emt 0:06:10]} Kf8 {[%emt 0:00:35]} 0-1

[Event "CZE-ch Open 2019"]
[Site "Ostrava"]
[Date "2019.05.04"]
[Round "8.11"]
[White "Stocek, Jiri"]
[Black "Serrano Salvador, Eduardo"]
[Result "1-0"]
[WhiteElo "2558"]
[BlackElo "2324"]
[Annotator "RC"]
[PlyCount "123"]
[EventDate "2019.04.27"]
[EventType "swiss"]
[EventCountry "CZE"]
[SourceTitle "playchess.com"]
[Source "ChessBase"]
[SourceQuality "1"]
[TimeControl "40/5400+30:1800+30"]

1. d4 d5 2. c4 c6 3. Nf3 Nf6 4. Nc3 e6 5. Qb3 dxc4 6. Qxc4 b5 7. Qd3 Bb7 8. e4 b4 9. Na4 Qa5 10. b3 c5 11. Ne5 Bxe4 12. Qb5+ Qxb5 13. Bxb5+ Nbd7 14. f3 Bd5 15. Nxc5 Bxc5 16. dxc5 Rb8 17. Ba4 Ke7 18. Nd3 Rhc8 19. Bf4 e5 20. Bg3 Nxc5 21. Nxc5 Rxc5 22. Bxe5 Rd8 23. Bd4 Rc2 24. O-O Bc6 25. Rad1 Rd6 26. Rf2 Rxf2 27. Bc5 Rc2 28. Bxd6+ Ke6 29. Bxc6 Rxc6 30. Bxb4 Nd5 31. Be1 Rc2 32. Rd2 Rc1 33. Kf2 Nc3 34. a4 Rb1 35. Rd3 Rb2+ 36. Kf1 Nd5 37. Bd2 f5 38. g3 g6 39. h4 h5 40. Ke1 Rb1+ 41. Ke2 a6 42. a5 Ke5 43. b4 f4 44. Kf2 fxg3+ 45. Kxg3 Rb2 46. Be1 Rg2+ 47. Kxg2 Nf4+ 48. Kg3 Nxd3 49. b5 Nc5 50. Bf2 Ne6 51. bxa6 Nc7 52. a7 Kf5 53. Bb6 Na8 54. Bd8 Ke5 55. Kf2 Kd4 56. Ke2 Ke5 57. Ke3 Kf5 58. Kd4 Ke6 59. Ke4 Kd7 60. Bb6 Ke6 61. Kf4 Kf7 62. Kg5 1-0

[Event "CZE-ch Open 2019"]
[Site "Ostrava"]
[Date "2019.05.04"]
[Round "8.12"]
[White "Babula, Milan"]
[Black "Roubalik, Jakub"]
[Result "0-1"]
[WhiteElo "2208"]
[BlackElo "2420"]
[Annotator "RC"]
[PlyCount "128"]
[EventDate "2019.04.27"]
[EventType "swiss"]
[EventCountry "CZE"]
[SourceTitle "playchess.com"]
[Source "ChessBase"]
[SourceQuality "1"]
[TimeControl "40/5400+30:1800+30"]

1. e4 {[%emt 0:00:00]} c5 {[%emt 0:00:00]} 2. Nf3 {[%emt 0:00:00]} d6 {[%emt 0:00:00]} 3. d4 {[%emt 0:00:00]} cxd4 {[%emt 0:00:00]} 4. Qxd4 {[%emt 0:00:00]} Nc6 {[%emt 0:00:00]} 5. Bb5 {[%emt 0:00:00]} Bd7 {[%emt 0:00:00]} 6. Bxc6 {[%emt 0:00:00]} Bxc6 {[%emt 0:00:00]} 7. c4 {[%emt 0:00:06]} Nf6 {[%emt 0:00:06]} 8. Nc3 {[%emt 0:00:05]} g6 {[%emt 0:00:08]} 9. O-O {[%emt 0:02:59]} Bg7 {[%emt 0:00:14]} 10. Qd3 {[%emt 0:02:48]} O-O {[%emt 0:00:33]} 11. Nd4 {[%emt 0:00:19]} Nd7 {[%emt 0:02:32]} 12. Be3 {[%emt 0:10:05]} Rc8 {[%emt 0:09:13]} 13. b3 {[%emt 0:11:30]} a6 {[%emt 0:03:55]} 14. Nxc6 {[%emt 0:07:20]} Rxc6 {[%emt 0:08:38]} 15. Rac1 {[%emt 0:04:59]} Nc5 {[%emt 0:09:32]} 16. Bxc5 {[%emt 0:14:20]} Rxc5 {[%emt 0:01:31]} 17. a4 {[%emt 0:01:02]} e6 {[%emt 0:06:08]} 18. Rfd1 {[%emt 0:01:50]} Rc6 {[%emt 0:00:13]} 19. Ne2 {[%emt 0:01:11]} Qa5 {[%emt 0:03:26]} 20. Nd4 {[%emt 0:03:37]} Rcc8 {[%emt 0:00:41]} 21. Ne2 {[%emt 0:10:41]} Rfd8 {[%emt 0:00:36]} 22. g3 {[%emt 0:00:06]} Qb4 {[%emt 0:04:38]} 23. Rb1 {[%emt 0:01:01]} Bf6 {[%emt 0:06:22]} 24. Qd2 {[%emt 0:00:57]} Qc5 {[%emt 0:01:14]} 25. Qd3 {[%emt 0:03:06]} h5 {[%emt 0:02:35]} 26. Qf3 {[%emt 0:02:34]} Kg7 {[%emt 0:02:01]} 27. h4 {[%emt 0:01:25]} b5 {[%emt 0:08:09]} 28. cxb5 {[%emt 0:03:37]} axb5 {[%emt 0:00:06]} 29. b4 {[%emt 0:00:13]} Qe5 {[%emt 0:01:05]} 30. axb5 {[%emt 0:01:56]} Qxb5 {[%emt 0:00:38]} 31. Qd3 {[%emt 0:07:58]} Rc4 {[%emt 0:02:49]} 32. Rdc1 {[%emt 0:00:30]} d5 {[%emt 0:02:11]} 33. exd5 {[%emt 0:01:30]} exd5 {[%emt 0:00:35]} 34. Nc3 {[%emt 0:01:53]} Qc6 {[%emt 0:02:07]} 35. b5 {[%emt 0:00:25]} Qc5 {[%emt 0:01:15]} 36. Ne2 {[%emt 0:00:41]} Rb8 {[%emt 0:02:02]} 37. b6 {[%emt 0:04:42]} Rxb6 {[%emt 0:00:17]} 38. Rxb6 {[%emt 0:02:17]} Rxc1+ {[%emt 0:00:08]} 39. Nxc1 Qxb6 {[%emt 0:00:07]} 40. Ne2 {[%emt 0:00:30]} Qc5 {[%emt 0:03:34]} 41. Kg2 {[%emt 0:05:17]} Be5 {[%emt 0:03:49]} 42. Qd1 {[%emt 0:03:15]} Qc4 {[%emt 0:02:02]} 43. Ng1 {[%emt 0:08:40]} Bf6 {[%emt 0:13:05]} 44. Nf3 {[%emt 0:00:52]} Qe4 {[%emt 0:01:24]} 45. Kg1 {[%emt 0:00:43]} Bc3 {[%emt 0:09:43]} 46. Ng5 {[%emt 0:00:37]} Qe1+ {[%emt 0:02:18]} 47. Qxe1 {[%emt 0:00:03]} Bxe1 {[%emt 0:00:02]} 48. Kf1 {[%emt 0:01:14]} Bd2 {[%emt 0:00:28]} 49. Nf3 {[%emt 0:00:07]} Bc3 {[%emt 0:00:03]} 50. Ke2 {[%emt 0:02:51]} Kf6 {[%emt 0:00:12]} 51. Ng5 {[%emt 0:00:57]} Ke7 {[%emt 0:00:21]} 52. Kd3 {[%emt 0:00:45]} Bf6 {[%emt 0:01:03]} 53. Nf3 {[%emt 0:02:22]} Ke6 {[%emt 0:00:40]} 54. Ne1 {[%emt 0:00:58]} Kf5 {[%emt 0:02:50]} 55. Ke2 {[%emt 0:00:02]} Be7 {[%emt 0:03:03]} 56. Kf3 {[%emt 0:01:18]} f6 {[%emt 0:01:07]} 57. Nd3 {[%emt 0:00:37]} Bd6 {[%emt 0:00:17]} 58. Ke3 {[%emt 0:00:44]} Kg4 {[%emt 0:01:45]} 59. Kd4 {[%emt 0:01:27]} Bxg3 {[%emt 0:00:36]} 60. fxg3 {[%emt 0:00:01]} Kxg3 {[%emt 0:00:02]} 61. Kxd5 {[%emt 0:00:01]} Kxh4 {[%emt 0:00:14]} 62. Ke4 {[%emt 0:03:38]} Kg3 {[%emt 0:00:58]} 63. Nf4 {[%emt 0:01:27]} h4 {[%emt 0:00:09]} 64. Nxg6 {[%emt 0:02:29]} h3 {[%emt 0:00:04]} 0-1

[Event "CZE-ch Open 2019"]
[Site "Ostrava"]
[Date "2019.05.04"]
[Round "8.13"]
[White "Riha, Vojtech"]
[Black "Jasny, Stanislav"]
[Result "1-0"]
[WhiteElo "2216"]
[BlackElo "2351"]
[Annotator "NA"]
[PlyCount "73"]
[EventDate "2019.04.27"]
[EventType "swiss"]
[EventCountry "CZE"]
[SourceTitle "playchess.com"]
[Source "ChessBase"]
[SourceQuality "1"]
[TimeControl "40/5400+30:1800+30"]

1. e4 {[%emt 0:00:00]} g6 {[%emt 0:00:00]} 2. d4 {[%emt 0:00:00]} Bg7 {[%emt 0:00:07]} 3. Nc3 {[%emt 0:00:53]} d6 {[%emt 0:00:09]} 4. f4 {[%emt 0:01:19]} a6 {[%emt 0:00:54]} 5. Nf3 {[%emt 0:00:22]} b5 {[%emt 0:00:16]} 6. Bd3 {[%emt 0:01:34]} Nd7 {[%emt 0:00:48]} 7. a4 {[%emt 0:00:41]} b4 {[%emt 0:00:23]} 8. Ne2 {[%emt 0:00:08]} c5 {[%emt 0:01:24]} 9. c3 {[%emt 0:00:55]} bxc3 {[%emt 0:12:22]} 10. bxc3 {[%emt 0:00:06]} Ngf6 {[%emt 0:00:13]} 11. e5 {[%emt 0:03:46]} Nd5 {[%emt 0:11:55]} 12. Ng5 {[%emt 0:07:37]} Nc7 {[%emt 0:04:57]} 13. O-O {[%emt 0:07:48]} O-O {[%emt 0:07:12]} 14. Qe1 {[%emt 0:19:17]} f5 {[%emt 0:09:54]} 15. g4 {[%emt 0:13:04]} h6 {[%emt 0:08:26]} 16. gxf5 {[%emt 0:01:47]} gxf5 {[%emt 0:00:22]} 17. Ng3 {[%emt 0:11:55]} hxg5 {[%emt 0:05:45]} 18. Nxf5 {[%emt 0:04:56]} Rxf5 {[%emt 0:00:44]} 19. Bxf5 {[%emt 0:00:08]} Nf8 {[%emt 0:00:12]} 20. Bc2 {[%emt 0:01:40]} cxd4 {[%emt 0:06:26]} 21. fxg5 {[%emt 0:01:09]} dxe5 {[%emt 0:04:33]} 22. Qe4 {[%emt 0:10:24]} Be6 {[%emt 0:07:11]} 23. Ba3 {[%emt 0:02:24]} Nd5 {[%emt 0:04:32]} 24. Rxf8+ {[%emt 0:06:44]} Kxf8 {[%emt 0:00:07]} 25. Rf1+ {[%emt 0:00:07]} Ke8 {[%emt 0:06:51]} 26. Qg6+ {[%emt 0:00:14]} Kd7 {[%emt 0:00:11]} 27. Qxg7 {[%emt 0:00:36]} Qb6 {[%emt 0:01:56]} 28. Be4 {[%emt 0:02:52]} d3+ {[%emt 0:02:12]} 29. Kh1 {[%emt 0:00:16]} Qe3 {[%emt 0:01:09]} 30. Qh7 {[%emt 0:01:43]} d2 {[%emt 0:02:45]} 31. Bxe7 {[%emt 0:00:33]} Nxe7 {[%emt 0:00:55]} 32. Bxa8 Qe2 {[%emt 0:00:08]} 33. Qb1 {[%emt 0:00:49]} Bb3 {[%emt 0:00:50]} 34. Bf3 {[%emt 0:00:37]} Qxf3+ {[%emt 0:00:39]} 35. Rxf3 {[%emt 0:00:07]} d1=Q+ {[%emt 0:00:10]} 36. Qxd1+ {[%emt 0:00:02]} Bxd1 {[%emt 0:00:13]} 37. Rd3+ {[%emt 0:00:03]} 1-0

[Event "CZE-ch Open 2019"]
[Site "Ostrava"]
[Date "2019.05.04"]
[Round "8.14"]
[White "Belunek, Vladimir"]
[Black "Rubes, Jan"]
[Result "1/2-1/2"]
[WhiteElo "2210"]
[BlackElo "2346"]
[Annotator "TA"]
[PlyCount "99"]
[EventDate "2019.04.27"]
[EventType "swiss"]
[EventCountry "CZE"]
[SourceTitle "playchess.com"]
[Source "ChessBase"]
[SourceQuality "1"]

{[%evp 20,99,35,0,43,-28,-16,-46,-57,-47,-49,-72,-56,-72,-49,-49,-49,-49,-49,-60,-49,-49,-49,-52,-49,-47,-31,-27,-25,-37,0,-14,-7,0,0,-52,-59,-72,-79,-137,-142,-147,-143,-164,-155,-162,0,0,0,0,0,0,0,0,0,-41,-32,-50,0,-50,-50,-50,-50,-50,-51,-52,-81,-105,-104,-91,-60,-60,-60,-60,-52,-110,-8,-8,0,0,0,-196]} 1. d4 Nf6 2. Nf3 c5 3. d5 e6 4. c4 exd5 5. cxd5 d6 6. Nc3 g6 7. g3 Bg7 8. Bg2 O-O 9. O-O Na6 10. Bf4 Nc7 11. a4 b6 {A62: Modern Benoni: Fianchetto Variation without early ...Nbd7} (11... Re8 12. Re1 Ne4 13. Nxe4 Rxe4 14. Nd2 Rxf4 15. gxf4 Bxb2 16. Rb1 Bg7 17. Qb3 b6 18. e4 Bh6 19. Qg3 {1-0 (36) Rozum,I (2601)-Martirosyan,H (2529) Moscow 2017}) 12. h3 (12. e4 $14) 12... Re8 $11 13. Nd2 $146 ({Predecessor:} 13. Re1 Ne4 14. Nxe4 Rxe4 15. Nd2 Rb4 16. e4 Bxb2 17. Rb1 Ne8 18. Nf3 a5 19. e5 Bf5 20. Rxb2 Rxb2 21. g4 Rb1 22. Bc1 Bc8 23. Qc2 Ra1 24. Qb2 Rxc1 25. Qxc1 Ra7 26. e6 fxe6 27. dxe6 {½-½ (27) Hoffmann,F (2322)-Wukits,R (2356) ICCF email 2014}) 13... Nh5 {Black is slightly better.} 14. e3 Nxf4 15. gxf4 Rb8 16. Nc4 Ba6 17. Qd3 f5 18. Ra2 Re7 19. Rc1 Qd7 20. b3 Ne8 21. Qd1 Nf6 22. Bf1 Bb7 23. Bg2 Ba8 24. Rb1 Rc8 25. Rc2 Ne4 26. Nxe4 fxe4 27. Qd2 (27. Qg4 $11) 27... Rf8 $15 28. Rd1 Rf5 {Strongly threatening ...g5.} 29. Qc1 (29. Qe2 $142) 29... g5 $17 ({Much worse is} 29... Rxd5 $6 30. Rxd5 Bxd5 31. Rd2 $11) 30. f3 exf3 ({Not} 30... Bxd5 31. fxe4 Bxc4 32. Rxc4 $11) 31. Bxf3 gxf4 32. e4 Rg5+ $2 {[#]} (32... Rf6 $19 33. Rh2 Bb7) 33. Rg2 $11 Rxg2+ 34. Kxg2 Bh6 35. Kh2 Rg7 36. Rg1 Bb7 (36... Qe7 {is interesting.} 37. Rxg7+ Qxg7 38. Qe1 Qf6 39. e5 dxe5 40. Nxe5 Bg7) 37. Rxg7+ (37. Bg4 {looks sharper.} Qe7 38. Qc3 Kf8 39. e5 dxe5 40. Nxe5 Rxg4 41. Nxg4 Bg7 42. Qd3) 37... Qxg7 ({Don't play} 37... Kxg7 $6 38. Qb2+ Kg8 39. Qf6 $14) 38. Qg1 Qxg1+ 39. Kxg1 $15 {[%mdl 4096] Endgame KBB-KBN} Bf8 40. Bg4 Ba6 41. Kf2 b5 42. axb5 Bxb5 43. Be2 {[#]} Bxc4 $1 44. Bxc4 $17 {KB-KB} Bh6 45. Kf3 Kf7 46. e5 $1 dxe5 47. Bd3 (47. Ke4 $15) 47... Bf8 (47... Ke7 $17 48. Bxh7 Kd6) 48. Bxh7 $11 {The position is equal.} Kf6 49. h4 Bd6 50. Ke4 $2 {Accuracy: White = 47%, Black = 55%.} (50. Bd3 $11 {and White is okay.}) 1/2-1/2

[Event "CZE-ch Open 2019"]
[Site "Ostrava"]
[Date "2019.05.04"]
[Round "8.15"]
[White "Nguyen, Thai Dai Van"]
[Black "Ockay, Tomas"]
[Result "1-0"]
[WhiteElo "2548"]
[BlackElo "2139"]
[Annotator "ChessBase"]
[PlyCount "69"]
[EventDate "2019.04.27"]
[EventType "swiss"]
[EventCountry "CZE"]
[SourceTitle "playchess.com"]
[Source "ChessBase"]
[SourceQuality "1"]
[TimeControl "40/5400+30:1800+30"]

1. e4 {[%emt 0:00:00]} c6 {[%emt 0:00:00]} 2. d4 {[%emt 0:00:00]} d5 {[%emt 0:00:00]} 3. e5 {[%emt 0:00:00]} Bf5 {[%emt 0:00:00]} 4. Nf3 {[%emt 0:00:00]} e6 {[%emt 0:00:18]} 5. Be2 {[%emt 0:00:00]} h6 {[%emt 0:00:35]} 6. O-O {[%emt 0:00:21]} Nd7 {[%emt 0:01:40]} 7. Nbd2 {[%emt 0:00:38]} Ne7 {[%emt 0:02:41]} 8. Nb3 {[%emt 0:00:31]} g5 {[%emt 0:02:57]} 9. a4 {[%emt 0:00:21]} Bg6 {[%emt 0:01:01]} 10. a5 {[%emt 0:03:02]} Nf5 {[%emt 0:03:35]} 11. Bd2 {[%emt 0:13:55]} Be7 {[%emt 0:00:35]} 12. Ne1 {[%emt 0:17:34]} O-O {[%emt 0:14:16]} 13. g3 {[%emt 0:15:45]} c5 {[%emt 0:08:10]} 14. c3 {[%emt 0:07:15]} c4 {[%emt 0:01:16]} 15. Nc1 {[%emt 0:00:05]} f6 {[%emt 0:02:31]} 16. exf6 {[%emt 0:00:43]} Nxf6 {[%emt 0:01:17]} 17. b3 {[%emt 0:05:40]} Rc8 {[%emt 0:00:44]} 18. Nf3 {[%emt 0:02:35]} Nd6 {[%emt 0:14:06]} 19. Ne5 {[%emt 0:00:54]} Be8 {[%emt 0:03:11]} 20. Qc2 {[%emt 0:08:18]} Kg7 {[%emt 0:03:53]} 21. bxc4 {[%emt 0:06:09]} Nxc4 {[%emt 0:01:08]} 22. Ncd3 {[%emt 0:02:26]} Nxd2 {[%emt 0:01:48]} 23. Qxd2 {[%emt 0:00:04]} Ne4 {[%emt 0:00:07]} 24. Qb2 {[%emt 0:00:15]} Nxc3 {[%emt 0:00:42]} 25. Bg4 {[%emt 0:01:30]} Rc7 {[%emt 0:12:10]} 26. Bxe6 {[%emt 0:03:08]} Rf6 {[%emt 0:05:58]} 27. Bh3 {[%emt 0:00:21]} Bb5 {[%emt 0:04:25]} 28. Rfc1 {[%emt 0:02:48]} Bxd3 {[%emt 0:00:12]} 29. Rxc3 {[%emt 0:01:21]} Bf5 {[%emt 0:05:35]} 30. Rxc7 {[%emt 0:03:09]} Qxc7 {[%emt 0:00:34]} 31. Bxf5 {[%emt 0:00:20]} Rxf5 {[%emt 0:00:06]} 32. Rc1 {[%emt 0:00:40]} Qb8 {[%emt 0:05:34]} 33. Qb1 {[%emt 0:00:40]} Qf8 {[%emt 0:02:10]} 34. Rc7 {[%emt 0:00:07]} Rxf2 {[%emt 0:01:30]} 35. Rxe7+ {[%emt 0:00:06]} 1-0

[Event "CZE-ch Open 2019"]
[Site "Ostrava"]
[Date "2019.05.04"]
[Round "8.16"]
[White "Vokac, Marek"]
[Black "Liska, Jiri"]
[Result "0-1"]
[WhiteElo "2343"]
[BlackElo "2239"]
[Annotator "NA"]
[PlyCount "82"]
[EventDate "2019.04.27"]
[EventType "swiss"]
[EventCountry "CZE"]
[SourceTitle "playchess.com"]
[Source "ChessBase"]
[SourceQuality "1"]
[TimeControl "40/5400+30:1800+30"]

1. Nf3 {[%emt 0:02:56]} Nf6 {[%emt 0:00:00]} 2. c4 {[%emt 0:00:07]} g6 {[%emt 0:01:07]} 3. Nc3 {[%emt 0:00:07]} Bg7 {[%emt 0:00:42]} 4. e4 {[%emt 0:00:32]} c5 {[%emt 0:00:40]} 5. d4 {[%emt 0:00:12]} cxd4 {[%emt 0:01:05]} 6. Nxd4 {[%emt 0:00:05]} d6 {[%emt 0:01:28]} 7. Be2 {[%emt 0:00:37]} Nc6 {[%emt 0:01:11]} 8. Nc2 {[%emt 0:00:22]} O-O {[%emt 0:01:06]} 9. O-O {[%emt 0:01:55]} Bd7 {[%emt 0:06:58]} 10. Bd2 {[%emt 0:18:02]} Rc8 {[%emt 0:05:21]} 11. b3 {[%emt 0:01:48]} a6 {[%emt 0:04:06]} 12. Rc1 {[%emt 0:01:02]} Ne5 {[%emt 0:15:10]} 13. f4 {[%emt 0:15:08]} Neg4 {[%emt 0:11:32]} 14. Kh1 {[%emt 0:00:11]} h5 {[%emt 0:18:33]} 15. h3 {[%emt 0:06:21]} Nh6 {[%emt 0:00:23]} 16. Ne3 {[%emt 0:06:06]} Bc6 {[%emt 0:01:51]} 17. Bf3 {[%emt 0:00:27]} b5 {[%emt 0:01:44]} 18. Qe1 {[%emt 0:13:11]} b4 {[%emt 0:06:27]} 19. Ncd5 {[%emt 0:02:49]} e6 {[%emt 0:01:13]} 20. Bxb4 {[%emt 0:07:03]} exd5 {[%emt 0:00:51]} 21. e5 {[%emt 0:00:28]} Ne8 {[%emt 0:08:03]} 22. cxd5 {[%emt 0:02:02]} Bb5 {[%emt 0:00:24]} 23. Nc4 {[%emt 0:04:29]} Nf5 {[%emt 0:01:45]} 24. Be4 {[%emt 0:01:31]} Nd4 {[%emt 0:03:26]} 25. Bd3 {[%emt 0:04:32]} dxe5 {[%emt 0:02:20]} 26. a4 {[%emt 0:01:24]} Nxb3 {[%emt 0:02:55]} 27. axb5 {[%emt 0:00:40]} Nxc1 {[%emt 0:00:08]} 28. Qxc1 {[%emt 0:01:25]} axb5 {[%emt 0:00:36]} 29. Bxf8 {[%emt 0:00:04]} bxc4 {[%emt 0:00:53]} 30. Be4 {[%emt 0:01:25]} Bxf8 {[%emt 0:00:55]} 31. fxe5 {[%emt 0:00:02]} Bg7 {[%emt 0:00:23]} 32. e6 {[%emt 0:04:03]} f5 {[%emt 0:00:52]} 33. Bf3 {[%emt 0:01:46]} Nd6 {[%emt 0:00:30]} 34. Qf4 {[%emt 0:01:27]} c3 {[%emt 0:00:34]} 35. Qg3 {[%emt 0:00:31]} Kh7 {[%emt 0:00:14]} 36. Re1 {[%emt 0:00:46]} Qe7 {[%emt 0:00:14]} 37. Rc1 {[%emt 0:00:32]} c2 {[%emt 0:00:46]} 38. Qf2 {[%emt 0:00:13]} Qc7 {[%emt 0:00:29]} 39. Qg3 {[%emt 0:01:07]} Bh6 {[%emt 0:01:05]} 40. Rxc2 {[%emt 0:01:17]} Qxc2 {[%emt 0:00:09]} 41. Qxd6 {[%emt 0:30:02]} Qc1+ {[%emt 0:30:31]} 0-1

[Event "CZE-ch Open 2019"]
[Site "Ostrava"]
[Date "2019.05.04"]
[Round "8.17"]
[White "Vrana, Frantisek"]
[Black "Kulhanek, Tomas"]
[Result "0-1"]
[WhiteElo "2264"]
[BlackElo "2314"]
[Annotator "TA"]
[PlyCount "96"]
[EventDate "2019.04.27"]
[EventType "swiss"]
[EventCountry "CZE"]
[SourceTitle "playchess.com"]
[Source "ChessBase"]
[SourceQuality "1"]

{[%evp 13,96,-11,-13,-22,-12,-10,-20,-31,-28,-40,-26,-33,-26,-39,-31,-31,-20,-15,0,-27,-21,-34,0,-20,-29,-33,0,-4,0,-15,-15,-15,-15,-15,-14,-15,-16,-22,-26,-22,-16,-24,-23,-51,-23,-51,-43,-47,-47,-54,-47,-63,-63,-61,-58,-160,-76,-88,-72,-101,-101,-94,-91,-91,-91,-90,-98,-285,-283,-262,-258,-428,-422,-464,-360,-645,-591,-566,-106,-264,0,-645,-596,-1255,-1206]} 1. d4 d6 2. c4 e5 3. dxe5 dxe5 4. Qxd8+ Kxd8 5. Nf3 f6 6. Nc3 Be6 7. b3 Nd7 8. Bb2 {A41: 1 d4 d6: Tartakower System and Modern Defence} Nh6 9. e3 c6 10. Bd3 {The position is equal.} (10. Be2 Nf7 11. Rg1 a5 12. O-O-O Kc7 13. Na4 Nd6 14. Nd2 h5 15. h3 h4 {½-½ (70) Kopylov,A (2449)-Khismatullin,D (2636) St Petersburg 2012}) 10... Kc7 11. Ke2 Nc5 12. Bc2 a5 {[%cal Ba7a5,Ba5a4][%mdl 32]} 13. Nd2 a4 $146 ({Predecessor:} 13... Nf7) 14. Rac1 a3 15. Ba1 Na6 16. Nde4 Nf7 17. Bb1 Rd8 (17... f5 $5 {[%cal Rf5e4]} 18. Ng3 g6 $11) 18. Rhd1 Rxd1 19. Nxd1 Bb4 20. Ndc3 Rd8 21. Rd1 Rxd1 22. Nxd1 f5 23. Nd2 g6 24. f3 b5 25. cxb5 cxb5 26. Nf2 Nc5 27. Nd3 Nxd3 28. Kxd3 Kc6 29. Bc2 Bd6 30. Nf1 Nd8 31. Bc3 Kb6 32. Bd1 Nc6 33. Kc2 Bb4 34. Nd2 ({Better is} 34. Ng3 $15) 34... Bc5 ({Black should try} 34... Bxc3 35. Kxc3 Kc5 36. b4+ Nxb4 37. Nb3+ Bxb3 38. Bxb3 Nc6) 35. Nf1 $17 h5 36. Be2 Nb4+ 37. Kb1 Bd6 38. Bd2 f4 39. e4 Nc6 40. Bc3 $2 {[#]} (40. Be1 $17) 40... Bb4 $1 $19 {[%cal Rb4c3]} 41. Ba1 g5 42. h3 $2 (42. Bd3 {is a better defense.}) 42... Be1 43. Bd1 Kc5 44. Kc2 $2 {[#]} (44. Be2 b4 45. Kc2) 44... Bf2 45. Bc3 Bd4 $2 (45... b4 $19 46. Ba1 Bd4 47. Bxd4+ Nxd4+ 48. Kc1 Nb5) 46. Bd2 $2 (46. Be1 $17 {was the only defense.}) 46... Bf2 $2 (46... h4 $19 {...b4 is the strong threat.} 47. Be1 Bg1) 47. Bc1 $2 {[%mdl 8192]} (47. Bc3 $11 b4 48. Ba1) 47... b4 48. Bd2 Nd4+ {Accuracy: White = 30%, Black = 57%.} 0-1

[Event "CZE-ch Open 2019"]
[Site "Ostrava"]
[Date "2019.05.04"]
[Round "8.18"]
[White "Sramek, Vojtech"]
[Black "Zeman, Matyas"]
[Result "1/2-1/2"]
[WhiteElo "2260"]
[BlackElo "2248"]
[Annotator "NA"]
[PlyCount "62"]
[EventDate "2019.04.27"]
[EventType "swiss"]
[EventCountry "CZE"]
[SourceTitle "playchess.com"]
[Source "ChessBase"]
[SourceQuality "1"]
[TimeControl "40/5400+30:1800+30"]

1. e4 {[%emt 0:00:00]} e6 {[%emt 0:00:10]} 2. d4 {[%emt 0:00:00]} d5 {[%emt 0:00:06]} 3. exd5 {[%emt 0:00:18]} exd5 {[%emt 0:00:06]} 4. Nf3 {[%emt 0:00:05]} Nf6 {[%emt 0:01:06]} 5. Bd3 {[%emt 0:00:06]} Bd6 {[%emt 0:00:05]} 6. Qe2+ {[%emt 0:00:46]} Be6 {[%emt 0:00:05]} 7. Ng5 {[%emt 0:03:48]} Qe7 {[%emt 0:00:08]} 8. O-O {[%emt 0:02:23]} O-O {[%emt 0:01:05]} 9. Re1 {[%emt 0:03:13]} Re8 {[%emt 0:00:14]} 10. Nxe6 {[%emt 0:00:58]} Qxe6 {[%emt 0:02:41]} 11. Qxe6 {[%emt 0:01:27]} Rxe6 {[%emt 0:00:11]} 12. Rxe6 {[%emt 0:00:36]} fxe6 {[%emt 0:00:04]} 13. Nc3 {[%emt 0:10:03]} a6 {[%emt 0:11:09]} 14. Ne2 {[%emt 0:11:19]} Nc6 {[%emt 0:00:56]} 15. c3 {[%emt 0:01:40]} e5 {[%emt 0:00:24]} 16. Bg5 {[%emt 0:11:28]} exd4 {[%emt 0:00:36]} 17. Nxd4 {[%emt 0:01:06]} Nxd4 {[%emt 0:00:07]} 18. cxd4 {[%emt 0:00:04]} Re8 {[%emt 0:00:11]} 19. Bxf6 {[%emt 0:05:57]} gxf6 {[%emt 0:00:04]} 20. Kf1 {[%emt 0:00:45]} Kf7 {[%emt 0:05:13]} 21. Re1 {[%emt 0:00:30]} Rxe1+ {[%emt 0:00:06]} 22. Kxe1 {[%emt 0:00:03]} h6 {[%emt 0:00:27]} 23. g3 {[%emt 0:00:22]} Ke6 {[%emt 0:00:29]} 24. Ke2 {[%emt 0:00:10]} f5 {[%emt 0:00:36]} 25. b3 {[%emt 0:00:36]} a5 {[%emt 0:00:18]} 26. a4 {[%emt 0:00:44]} b6 {[%emt 0:00:04]} 27. h3 {[%emt 0:01:04]} c5 {[%emt 0:00:52]} 28. dxc5 {[%emt 0:00:13]} bxc5 {[%emt 0:00:04]} 29. f4 {[%emt 0:00:26]} Kf6 {[%emt 0:01:29]} 30. Kf3 {[%emt 0:00:09]} Be7 {[%emt 0:00:14]} 31. g4 {[%emt 0:00:38]} fxg4+ {[%emt 0:00:04] Ke4 Ke5+} 1/2-1/2